000 00268nam a2200109Ia 4500
008 200302s9999 xx 000 0 und d
100 _aJ Tart
245 _aNew Landscape 1 Urban and ecological landscape
260 _bJ Tart Publishing
260 _c2013
300 _a257
999 _c5936
_d5936